00836nam a2200253 a 4500001001000000003000900010005001700019007000300036008004100039020001500080040002500095041000800120082002700128100003600155245005600191260007100247300002600318336002700344337003300371338002800404600006800432651005400500700002800554000047644DO-SdBNP20250129073606.0ta180709s2009 dr 000 spa d a9993455326 aDO-SdBNPbspacBNPHU hspa 4a923.2 bD812B 20092221 aBalcácer, Juan Daniel,d1949- 0aDuarte para estudiantes. /cJuan Daniel Balcácer. aSanto Domingo :bFundación Para la Educación y el Arte,c2009. a40 páginas;c21 cm. atextobtxt2rdacontent asin mediaciónbn2rdamedia avolumenbnc2rdacarrier10aDuarte, Juan Pablo, d1813-1876xCrítica e interpretación 0aRepública Dominicana --xHistoria --y1844-1930 1aCastro, Tomás,d1959-